000 00877cam a2200277 4500500
005 20260329013525.0
041 _afre
042 _adc
100 1 0 _aGrosbois, Muriel
_eauthor
700 1 0 _aZoghlami, Naouel
_eauthor
245 0 0 _aMultimodalité dans la communication pour l’agir professionnel : repérage et analyse
260 _c2026.
500 _a13
690 _acompétences communicationnelles
690 _aformation tout au long de la vie
690 _alangage
690 _amultimodalité
690 _aprofessionnalisation
690 _acommunicative competence
690 _alanguage
690 _alifelong learning
690 _amultimodality
690 _aprofessionalization
786 0 _nPhronesis | 15 | 1 | 2026-01-04 | p. 13-17
856 4 1 _uhttps://shs.cairn.info/revue-phronesis-2026-1-page-13?lang=fr&redirect-ssocas=7080
999 _c1880961
_d1880961